Poesies franciscano-maragallianes i d'altres que potser no en són prou ... : conceptuals, diverses, polítiques / Joaquim Cases-Carbó ; pròleg en francès de Josep Baches conceptuals, diverses, polítiques / Joaquim Cases-Carbó ; pròleg en francès de Josep Baches
Descripción Física:
XV, 175 p. ; 20 cm
Otros Autores:
Baches, Josep
MARC
| LEADER | 00000nam a2200000Ia 4500 | ||
|---|---|---|---|
| 001 | 13964 | ||
| 008 | 160829s1934 xx 000 0 cat d | ||
| 080 | |a L-1-392 | ||
| 100 | 1 | |a Cases-Carbó, Joaquim, |d 1858-1943 |9 24314 | |
| 245 | |a Poesies franciscano-maragallianes i d'altres que potser no en són prou ... : |b conceptuals, diverses, polítiques / Joaquim Cases-Carbó ; pròleg en francès de Josep Baches | ||
| 260 | |a Barcelona : |b Catalònia, |c 1934 | ||
| 300 | |a XV, 175 p. ; |c 20 cm | ||
| 590 | |a Text multilingüe. | ||
| 590 | |a Amb un retrat de l'autor | ||
| 700 | 1 | |a Baches, Josep |9 26482 | |
| 901 | |a Arxiu | ||
| 942 | |n 1 | ||
| 952 | |0 0 |1 0 |4 0 |6 L1392 |7 1 |9 43997 |a Arxiu |b Arxiu |d 2016-12-01 |l 0 |o L-1-392 |p 13964 |r 2016-12-01 00:00:00 |w 2016-12-01 |y ARXIU | ||
| 999 | |c 46577 |d 46577 | ||